Statistics for Billboard #1 Albums 2009

Click here to take the quiz!

General Stats

  • This quiz has been taken 228 times
  • The average score is 6 of 33

Answer Stats

AlbumWeeks at No.1Answer% Correct
Hannah Montana: The Movie1Miley Cyrus
88%
Fearless9Taylor Swift
70%
The Blueprint 32Jay-Z
63%
Relapse2Eminem
59%
The E.N.D.2Black Eyed Peas
58%
21st Century Breakdown1Green Day
42%
All I Ever Wanted2Kelly Clarkson
38%
This Is It1Michael Jackson
32%
I Dreamed A Dream3Susan Boyle
28%
No Line On The Horizon1U2
20%
Here We Go Again1Demi Lovato
16%
Battle Studies1John Mayer
14%
Play On1Carrie Underwood
13%
Crazy Love2Michael Buble
11%
Loso's Way1Fabolous
10%
I Look To You1Whitney Houston
9%
Working On A Dream1Bruce Springsteen
8%
BLACKsummer'snight1Maxwell
6%
Big Whiskey and the GrooGrux King1Dave Matthews Band
6%
Deeper Than Rap1Rick Ross
6%
Leave This Town1Daughtry
6%
Defying Gravity1Keith Urban
5%
The Circle1Bon Jovi
5%
Unstoppable1Rascal Flatts
5%
Backspacer1Pearl Jam
5%
(Self Titled Album)1The Fray
3%
Epiphany1Chrisette Michele
3%
Breakthrough1Colbie Caillat
3%
Keep On Loving You1Reba McEntire
2%
Live On The Inside1Sugarland
2%
Twang1George Strait
2%
Love Is The Answer1Barbra Streisand
1%
Together Through Life1Bob Dylan
1%

Score Distribution

Percentile by Number Answered

Percent of People with Each Score

Your Score History

You have not taken this quiz